Loading...
| Mythology | 0 | 6 | 0 | 0 | 60 | 34 | 58.17 | 1 | 4 | 26.56 | 34.95 |
| Literature - American | 0 | 5 | 0 | 3 | 50 | 71 | 105.40 | 0 | 0 | 4.67 | 14.27 |
| Literature - European | 0 | 3 | 0 | 0 | 30 | 52 | 82.00 | 1 | 2 | 9.22 | 19.09 |
| Literature - British | 0 | 3 | 1 | 1 | 25 | 39 | 84.00 | 1 | 1 | 6.96 | 12.08 |
| Fine Arts - Other | 0 | 3 | 1 | 1 | 25 | 62 | 91.00 | 1 | 1 | 5.35 | 17.69 |
| History - Other | 0 | 3 | 1 | 0 | 25 | 58 | 82.00 | 0 | 1 | 7.05 | 14.37 |
| History - American | 0 | 2 | 0 | 0 | 20 | 80 | 80.50 | 0 | 0 | 4.46 | 5.44 |
| Science - Other | 0 | 2 | 0 | 1 | 20 | 91 | 93.00 | 0 | 1 | 0.98 | 8.43 |
| Painting/Sculpture | 0 | 2 | 0 | 0 | 20 | 66 | 87.00 | 0 | 2 | 3.75 | 15.76 |
| Religion | 0 | 2 | 0 | 1 | 20 | 59 | 85.00 | 0 | 0 | 3.88 | 7.52 |
| Social Science | 0 | 1 | 0 | 0 | 10 | 85 | 85.00 | 0 | 0 | 1.94 | 7.41 |
| Geography | 0 | 1 | 0 | 0 | 10 | 76 | 76.00 | 0 | 0 | 5.93 | 9.09 |
| Literature - World | 0 | 1 | 0 | 1 | 10 | 119 | 119.00 | 0 | 1 | 0.00 | 4.13 |
| Philosophy | 0 | 1 | 0 | 0 | 10 | 66 | 66.00 | 0 | 0 | 4.66 | 7.14 |
| Science - Biology | 0 | 1 | 0 | 0 | 10 | 43 | 43.00 | 0 | 1 | 5.02 | 6.61 |
| Fine Arts - Classical Music | 0 | 1 | 0 | 0 | 10 | 82 | 82.00 | 0 | 0 | 2.55 | 5.30 |